000
00215 a2200097 4500
001
44235
100
_a
245
_a
International Defence Electronics
260
_a
Geneva
_b
Interavia S A
_c
090
_c
27974
_d
27974
942
_a
NUST-CAE
_c
M
_c
19973
999
_c
279308
_d
279308